<?xml version="1.0" encoding="UTF-8"?>
<record
    xmlns:xsi="http://www.w3.org/2001/XMLSchema-instance"
    xsi:schemaLocation="http://www.loc.gov/MARC21/slim http://www.loc.gov/standards/marcxml/schema/MARC21slim.xsd"
    xmlns="http://www.loc.gov/MARC21/slim">

  <leader>03543nam a2200337 a 4500</leader>
  <controlfield tag="003">OSt</controlfield>
  <controlfield tag="005">20240903100106.0</controlfield>
  <controlfield tag="007">cr ||||||a|a|a</controlfield>
  <controlfield tag="008">240903s2024    mx a|||fom||| 001 0 spa d</controlfield>
  <datafield tag="040" ind1=" " ind2=" ">
    <subfield code="e">rda</subfield>
  </datafield>
  <datafield tag="100" ind1="1" ind2=" ">
    <subfield code="a">Zenil L&#xF3;pez, Ximena</subfield>
    <subfield code="9">189527</subfield>
  </datafield>
  <datafield tag="245" ind1="1" ind2=" ">
    <subfield code="a">Control f&#xFA;ngico en frutos de aguacate (Persea americana) "Hass" utilizando aceite esencial de tomillo (Thymus vulgaris) /</subfield>
    <subfield code="c">por Ximena Zenil L&#xF3;pez; director de tesis Salvador Valle Guadarrama; secretario Guillermina Hern&#xE1;ndez Rodr&#xED;guez; vocal Diana Becerra Morales; suplente Armando Santos Moreno; suplente F&#xE9;lix Esparza Torres.</subfield>
  </datafield>
  <datafield tag="264" ind1=" " ind2="1">
    <subfield code="a">Chapingo, M&#xE9;xico :</subfield>
    <subfield code="b">El autor,</subfield>
    <subfield code="c">2024.</subfield>
  </datafield>
  <datafield tag="300" ind1=" " ind2=" ">
    <subfield code="a">1 recurso en l&#xED;nea (90 p&#xE1;ginas):</subfield>
    <subfield code="b">cuadros, figuras.</subfield>
  </datafield>
  <datafield tag="336" ind1=" " ind2=" ">
    <subfield code="2">rdacontent</subfield>
    <subfield code="a">texto</subfield>
    <subfield code="b">txt</subfield>
  </datafield>
  <datafield tag="337" ind1=" " ind2=" ">
    <subfield code="2">rdamedia</subfield>
    <subfield code="a">computadora</subfield>
    <subfield code="b">c</subfield>
  </datafield>
  <datafield tag="338" ind1=" " ind2=" ">
    <subfield code="2">rdacarrier</subfield>
    <subfield code="a">recurso en l&#xED;nea</subfield>
    <subfield code="b">cr</subfield>
  </datafield>
  <datafield tag="502" ind1=" " ind2=" ">
    <subfield code="b">IA</subfield>
    <subfield code="c">Agroindustrias</subfield>
    <subfield code="d">2024.</subfield>
    <subfield code="g">LIC</subfield>
  </datafield>
  <datafield tag="504" ind1=" " ind2=" ">
    <subfield code="a">Incluye referencias bibliogr&#xE1;ficas: p&#xE1;ginas 60-74.</subfield>
  </datafield>
  <datafield tag="520" ind1=" " ind2=" ">
    <subfield code="a">El desarrollo de enfermedades debido a agentes fitopat&#xF3;genos es una de las principales causas de p&#xE9;rdidas en postcosecha de productos hortofrut&#xED;colas. Un caso espec&#xED;fico es el del aguacate (Persea americana), que se afecta por hongo como los pertenecientes al g&#xE9;nero Colletotrichum spp., responsables de la enfermedad de antracnosis. La infecci&#xF3;n en los frutos sucede en cualquier etapa de la cadena productiva, permaneciendo latente hasta su desarrollo en la etapa de maduraci&#xF3;n, resultando imperceptible antes. El impacto ocasionado est&#xE1; en gran medida relacionado al control utilizado, donde el de tipo qu&#xED;mico es el m&#xE1;s utilizado. Los aceites esenciales son mezclas de compuestos qu&#xED;micos extra&#xED;dos de plantas arom&#xE1;ticas. Son empleados en distintos sectores debido a las caracter&#xED;sticas que poseen, entre las cuales est&#xE1; la propiedad antif&#xFA;ngica, originada por la presencia de compuestos terp&#xE9;nicos, destacando al timol y carvacrol. Este tipo de compuestos se encuentran en mayor proporci&#xF3;n en aceites como el de tomillo, lo que podr&#xED;a significar una alternativa de control biol&#xF3;gico. De este modo, el presente trabajo se realiz&#xF3; utilizando aceite esencial de tomillo para inhibir in vitro al hongo Colletotrichum siamense aislado de frutos de aguacate. Se realiz&#xF3; una primera evaluaci&#xF3;n de manera directa o por contacto, teniendo que a 800 ppm la inhibici&#xF3;n fue completa, lo que identific&#xF3; la Concentraci&#xF3;n M&#xED;nima Inhibitoria (CMI). Se realiz&#xF3; una segunda evaluaci&#xF3;n con el uso del aceite esencial en fase gaseosa, donde se manejaron tres tiempos de exposici&#xF3;n de aceite esencial (2, 3 y 4 h de recirculaci&#xF3;n) y de donde se deriv&#xF3; una CMI fue de 67 ppm, que correspondi&#xF3; a 4 h de recirculaci&#xF3;n. Las otras dos condiciones s&#xF3;lo tuvieron un efecto fungist&#xE1;tico, pues el hongo retom&#xF3; su crecimiento una vez que el ambiente estuvo libre de aceite esencial.</subfield>
  </datafield>
  <datafield tag="650" ind1=" " ind2="4">
    <subfield code="a">Aguacate</subfield>
    <subfield code="x">Enfermedades por hongos</subfield>
    <subfield code="9">2511</subfield>
  </datafield>
  <datafield tag="650" ind1=" " ind2="4">
    <subfield code="a">Aceite esencial de tomillo</subfield>
    <subfield code="x">Efecto en hongos fitopat&#xF3;genos</subfield>
    <subfield code="9">132663</subfield>
  </datafield>
  <datafield tag="650" ind1=" " ind2="4">
    <subfield code="a">Extractos vegetales como fungicida</subfield>
    <subfield code="9">129639</subfield>
  </datafield>
  <datafield tag="700" ind1="1" ind2=" ">
    <subfield code="a">Valle Guadarrama, Salvador</subfield>
    <subfield code="9">117597</subfield>
    <subfield code="e">Director de tesis.</subfield>
  </datafield>
  <datafield tag="700" ind1="1" ind2=" ">
    <subfield code="a">Hern&#xE1;ndez Rodr&#xED;guez, Guillermina</subfield>
    <subfield code="9">125766</subfield>
    <subfield code="e">Secretario.</subfield>
  </datafield>
  <datafield tag="700" ind1="1" ind2=" ">
    <subfield code="a">Becerra Morales, Diana</subfield>
    <subfield code="9">11145</subfield>
    <subfield code="e">Vocal.</subfield>
  </datafield>
  <datafield tag="700" ind1="1" ind2=" ">
    <subfield code="a">Santos Moreno, Armando</subfield>
    <subfield code="9">102515</subfield>
    <subfield code="e">Suplente.</subfield>
  </datafield>
  <datafield tag="700" ind1="1" ind2=" ">
    <subfield code="a">Esparza Torres, F&#xE9;lix</subfield>
    <subfield code="9">37774</subfield>
    <subfield code="e">Suplente.</subfield>
  </datafield>
  <datafield tag="856" ind1=" " ind2=" ">
    <subfield code="u">http://10.13.5.2/tesis/tl/1512803-2_ZENIL_LOPEZ_XIMENA.pdf</subfield>
    <subfield code="z">DESCARGAR PDF</subfield>
  </datafield>
  <datafield tag="942" ind1=" " ind2=" ">
    <subfield code="2">Clasificaci&#xF3;n Universidad Aut&#xF3;noma Chapingo</subfield>
    <subfield code="c">TD</subfield>
  </datafield>
  <datafield tag="999" ind1=" " ind2=" ">
    <subfield code="c">220133</subfield>
    <subfield code="d">220133</subfield>
  </datafield>
  <datafield tag="952" ind1=" " ind2=" ">
    <subfield code="0">0</subfield>
    <subfield code="1">0</subfield>
    <subfield code="2">local</subfield>
    <subfield code="4">0</subfield>
    <subfield code="5">1</subfield>
    <subfield code="7">0</subfield>
    <subfield code="8">TesDigL</subfield>
    <subfield code="a">BD</subfield>
    <subfield code="b">BD</subfield>
    <subfield code="c">E_L</subfield>
    <subfield code="d">2024-09-03</subfield>
    <subfield code="l">0</subfield>
    <subfield code="o">Tesis digital</subfield>
    <subfield code="r">2024-09-03 09:50:04</subfield>
    <subfield code="w">2024-09-03</subfield>
    <subfield code="y">TD</subfield>
  </datafield>
</record>
